[Event "DEM U14 2020"]
[Site "Willingen GER"]
[Date "2020.10.23"]
[Round "5"]
[White "Farokhi, Keyvan"]
[Black "Mimkes, Antal"]
[Result "1-0"]
[Termination "normal"]
[Board "11"]
[WhiteElo "2001"]
[BlackElo "1567"]
[WhiteClock "00:15:59"]
[BlackClock "00:05:04"]
[PlyCount "101"]
[WhiteFideId "12998630"]
[BlackFideId "16265963"]
[EventCountry "GER"]
[EventRounds "7"]
[EventType "swiss"]
[EventDate "2020.10.19"]

1. e4 {[%clk 1:30:56]} e5 {[%clk 1:13:21]} 2. Nf3 {[%clk 1:31:04]} Nc6 {[%clk
1:13:04]} 3. Bb5 {[%clk 1:31:20]} f5 {[%clk 1:12:40]} 4. d4 {[%clk 1:30:11]}
fxe4 {[%clk 1:09:56]} 5. Nxe5 {[%clk 1:30:14]} Nf6 {[%clk 1:07:26]} 6. Bg5
{[%clk 1:28:00]} Be7 {[%clk 1:05:40]} 7. Nc3 {[%clk 1:23:18]} O-O {[%clk
1:03:20]} 8. Bc4+ {[%clk 1:14:41]} d5 {[%clk 1:01:42]} 9. Bxf6 {[%clk 1:14:50]}
dxc4 {[%clk 1:01:02]} 10. Nxc6 {[%clk 1:14:18]} bxc6 {[%clk 0:56:42]} 11. Bxe7
{[%clk 1:14:35]} Qxe7 {[%clk 0:57:00]} 12. Qe2 {[%clk 1:10:46]} Qf7 {[%clk
0:46:07]} 13. O-O {[%clk 1:07:53]} Bf5 {[%clk 0:42:57]} 14. Nxe4 {[%clk
0:52:47]} Rae8 {[%clk 0:41:45]} 15. f3 {[%clk 0:53:05]} Qd5 {[%clk 0:41:19]}
16. c3 {[%clk 0:53:12]} c5 {[%clk 0:39:15]} 17. Rad1 {[%clk 0:44:03]} Re6
{[%clk 0:28:37]} 18. dxc5 {[%clk 0:40:22]} Qxc5+ {[%clk 0:25:33]} 19. Nxc5
{[%clk 0:28:20]} Rxe2 {[%clk 0:25:04]} 20. Rf2 {[%clk 0:28:43]} Rfe8 {[%clk
0:25:05]} 21. Ne4 {[%clk 0:26:17]} Rxf2 {[%clk 0:22:52]} 22. Kxf2 {[%clk
0:26:38]} Bxe4 {[%clk 0:20:04]} 23. fxe4 {[%clk 0:26:49]} Rxe4 {[%clk 0:20:19]}
24. Rd8+ {[%clk 0:27:09]} Kf7 {[%clk 0:20:36]} 25. Rd7+ {[%clk 0:27:34]} Re7
{[%clk 0:20:12]} 26. Rd4 {[%clk 0:27:29]} Ke6 {[%clk 0:19:22]} 27. Rxc4 {[%clk
0:26:59]} Kd5 {[%clk 0:18:46]} 28. Rd4+ {[%clk 0:25:38]} Kc6 {[%clk 0:18:06]}
29. Rh4 {[%clk 0:23:23]} g6 {[%clk 0:16:38]} 30. Rd4 {[%clk 0:23:32]} Re8
{[%clk 0:15:05]} 31. Rd2 {[%clk 0:22:13]} Re7 {[%clk 0:14:32]} 32. g4 {[%clk
0:22:30]} h6 {[%clk 0:13:25]} 33. Kf3 {[%clk 0:22:18]} Re8 {[%clk 0:11:22]} 34.
h4 {[%clk 0:21:21]} Re6 {[%clk 0:10:37]} 35. Kf4 {[%clk 0:21:05]} Re8 {[%clk
0:09:59]} 36. g5 {[%clk 0:16:05]} h5 {[%clk 0:09:11]} 37. Kf3 {[%clk 0:14:03]}
Rf8+ {[%clk 0:08:21]} 38. Kg3 {[%clk 0:14:22]} Re8 {[%clk 0:05:47]} 39. Rf2
{[%clk 0:14:20]} Kd7 {[%clk 0:05:27]} 40. Rf6 {[%clk 0:14:21]} Rg8 {[%clk
0:05:19]} 41. Ra6 {[%clk 0:14:01]} Ke7 {[%clk 0:03:58]} 42. Rxa7 {[%clk
0:13:56]} Rc8 {[%clk 0:04:03]} 43. b4 {[%clk 0:13:59]} Kf8 {[%clk 0:04:02]} 44.
a4 {[%clk 0:13:43]} c5 {[%clk 0:03:37]} 45. b5 {[%clk 0:13:58]} Rd8 {[%clk
0:04:01]} 46. b6 {[%clk 0:14:04]} Rd3+ {[%clk 0:03:53]} 47. Kf4 {[%clk
0:14:28]} Rd1 {[%clk 0:03:59]} 48. b7 {[%clk 0:14:47]} Rf1+ {[%clk 0:04:23]}
49. Ke3 {[%clk 0:15:11]} Re1+ {[%clk 0:04:47]} 50. Kd2 {[%clk 0:15:34]} Re8
{[%clk 0:05:04]} 51. Ra8 {[%clk 0:15:59]} 1-0

[Event "DEM U14 2020"]
[Site "Willingen GER"]
[Date "2020.10.23"]
[Round "5"]
[White "Kageler, Anton Paul"]
[Black "Ermitsch, Magnus"]
[Result "1/2-1/2"]
[Termination "normal"]
[Board "12"]
[WhiteElo "1664"]
[BlackElo "2049"]
[WhiteClock "00:02:23"]
[BlackClock "00:08:14"]
[PlyCount "61"]
[WhiteFideId "16244850"]
[BlackFideId "16234464"]
[EventCountry "GER"]
[EventRounds "7"]
[EventType "swiss"]
[EventDate "2020.10.19"]

1. e4 {[%clk 1:30:55]} c5 {[%clk 1:30:29]} 2. Nf3 {[%clk 1:31:14]} e6 {[%clk
1:30:31]} 3. d4 {[%clk 1:31:32]} cxd4 {[%clk 1:30:11]} 4. Nxd4 {[%clk 1:31:46]}
Nc6 {[%clk 1:29:23]} 5. Nc3 {[%clk 1:32:01]} Qc7 {[%clk 1:29:27]} 6. Be3 {[%clk
1:32:15]} a6 {[%clk 1:29:20]} 7. Be2 {[%clk 1:32:25]} Nf6 {[%clk 1:28:47]} 8.
a3 {[%clk 1:32:37]} d6 {[%clk 1:27:38]} 9. f4 {[%clk 1:30:33]} Na5 {[%clk
1:25:44]} 10. g4 {[%clk 1:16:57]} Nc4 {[%clk 1:23:42]} 11. Bxc4 {[%clk
1:14:32]} Qxc4 {[%clk 1:23:22]} 12. g5 {[%clk 1:13:50]} Nd7 {[%clk 1:22:06]}
13. Qf3 {[%clk 1:05:33]} b5 {[%clk 1:12:05]} 14. O-O-O {[%clk 1:00:40]} Rb8
{[%clk 1:06:44]} 15. Nb3 {[%clk 0:55:01]} Qc7 {[%clk 0:56:43]} 16. h4 {[%clk
0:50:29]} a5 {[%clk 0:54:26]} 17. h5 {[%clk 0:36:13]} a4 {[%clk 0:47:31]} 18.
Nd4 {[%clk 0:36:26]} b4 {[%clk 0:44:29]} 19. axb4 {[%clk 0:34:26]} a3 {[%clk
0:43:23]} 20. Ndb5 {[%clk 0:30:03]} axb2+ {[%clk 0:42:39]} 21. Kxb2 {[%clk
0:29:47]} Qc6 {[%clk 0:41:36]} 22. Ra1 {[%clk 0:27:31]} Qc4 {[%clk 0:35:52]}
23. Rhb1 {[%clk 0:23:39]} Be7 {[%clk 0:20:41]} 24. Ba7 {[%clk 0:18:59]} Rxb5
{[%clk 0:20:15]} 25. Nxb5 {[%clk 0:19:17]} Qxb5 {[%clk 0:20:37]} 26. Qc3 {[%clk
0:17:02]} Ba6 {[%clk 0:15:48]} 27. h6 {[%clk 0:12:15]} Rg8 {[%clk 0:14:16]} 28.
hxg7 {[%clk 0:09:51]} Nc5 {[%clk 0:10:34]} 29. Bxc5 {[%clk 0:09:21]} dxc5
{[%clk 0:10:46]} 30. Qa3 {[%clk 0:06:50]} Bb7 {[%clk 0:08:14]} 31. Qe3 {[%clk
0:02:23]} 1/2-1/2

[Event "DEM U14 2020"]
[Site "Willingen GER"]
[Date "2020.10.23"]
[Round "5"]
[White "Tovmasyan, Minas"]
[Black "Tham, Nam"]
[Result "0-1"]
[Termination "normal"]
[Board "13"]
[WhiteElo "1658"]
[BlackElo "1890"]
[WhiteClock "00:23:44"]
[BlackClock "01:06:36"]
[PlyCount "100"]
[WhiteFideId "16247620"]
[BlackFideId "12997331"]
[EventCountry "GER"]
[EventRounds "7"]
[EventType "swiss"]
[EventDate "2020.10.19"]

1. d4 {[%clk 1:30:55]} d5 {[%clk 1:30:48]} 2. c4 {[%clk 1:31:14]} e6 {[%clk
1:31:14]} 3. Nf3 {[%clk 1:31:35]} c6 {[%clk 1:31:34]} 4. Qc2 {[%clk 1:31:36]}
Bd6 {[%clk 1:31:08]} 5. Nbd2 {[%clk 1:30:40]} f5 {[%clk 1:29:18]} 6. g3 {[%clk
1:19:09]} Nf6 {[%clk 1:29:32]} 7. Bg2 {[%clk 1:19:31]} O-O {[%clk 1:29:48]} 8.
O-O {[%clk 1:19:07]} Ne4 {[%clk 1:30:13]} 9. b3 {[%clk 1:14:43]} Nd7 {[%clk
1:29:38]} 10. Bb2 {[%clk 1:11:15]} Qf6 {[%clk 1:28:29]} 11. e3 {[%clk 0:59:54]}
g5 {[%clk 1:26:00]} 12. a3 {[%clk 0:45:39]} h5 {[%clk 1:22:09]} 13. h4 {[%clk
0:36:55]} g4 {[%clk 1:18:43]} 14. Nxe4 {[%clk 0:34:02]} fxe4 {[%clk 1:19:00]}
15. Ng5 {[%clk 0:32:45]} Qh6 {[%clk 1:18:37]} 16. a4 {[%clk 0:31:21]} Re8
{[%clk 1:09:46]} 17. Ba3 {[%clk 0:14:45]} Bc7 {[%clk 1:09:44]} 18. cxd5 {[%clk
0:14:38]} exd5 {[%clk 1:09:59]} 19. Bxe4 {[%clk 0:13:35]} Rxe4 {[%clk 1:09:03]}
20. Nxe4 {[%clk 0:13:56]} dxe4 {[%clk 1:09:29]} 21. Qxe4 {[%clk 0:13:14]} Nf6
{[%clk 1:08:55]} 22. Qc2 {[%clk 0:10:15]} Qh7 {[%clk 1:05:35]} 23. Qxh7+ {[%clk
0:07:49]} Kxh7 {[%clk 1:05:49]} 24. b4 {[%clk 0:05:33]} Be6 {[%clk 1:04:18]}
25. b5 {[%clk 0:03:51]} Bd5 {[%clk 1:04:43]} 26. bxc6 {[%clk 0:02:30]} Bxc6
{[%clk 1:05:06]} 27. Be7 {[%clk 0:02:42]} Ne4 {[%clk 1:04:52]} 28. Rfd1 {[%clk
0:02:08]} Bd5 {[%clk 0:59:15]} 29. Rdc1 {[%clk 0:01:41]} Ba5 {[%clk 0:59:23]}
30. Rab1 {[%clk 0:01:27]} Nc3 {[%clk 0:58:17]} 31. Rb2 {[%clk 0:01:31]} Re8
{[%clk 0:56:02]} 32. Bd6 {[%clk 0:00:31]} a6 {[%clk 0:53:51]} 33. Kf1 {[%clk
0:00:31]} Ne4 {[%clk 0:48:48]} 34. Bc7 {[%clk 0:00:38]} Rc8 {[%clk 0:42:06]}
35. Rbc2 {[%clk 0:00:45]} Bd2 {[%clk 0:41:39]} 36. Be5 {[%clk 0:00:48]} Bc3
{[%clk 0:41:21]} 37. Rb1 {[%clk 0:00:33]} Nd2+ {[%clk 0:41:34]} 38. Rxd2 {[%clk
0:00:42]} Bxd2 {[%clk 0:41:55]} 39. Ke2 {[%clk 0:00:56]} Ba5 {[%clk 0:42:03]}
40. Kd3 {[%clk 0:00:45]} Rc3+ {[%clk 0:42:24]} 41. Ke2 {[%clk 0:00:50]} Bf3+
{[%clk 0:41:53]} 42. Kf1 {[%clk 0:00:45]} b5 {[%clk 0:41:54]} 43. axb5 {[%clk
0:29:56]} axb5 {[%clk 1:12:14]} 44. d5 {[%clk 0:29:34]} Rc2 {[%clk 1:12:39]}
45. d6 {[%clk 0:29:25]} b4 {[%clk 1:12:52]} 46. d7 {[%clk 0:28:22]} b3 {[%clk
1:13:15]} 47. Bd4 {[%clk 0:27:40]} Kg6 {[%clk 1:13:18]} 48. e4 {[%clk 0:23:36]}
Bxe4 {[%clk 1:06:12]} 49. Rxb3 {[%clk 0:23:23]} Rc1+ {[%clk 1:06:36]} 50. Ke2
{[%clk 0:23:44]} Re1# 0-1

[Event "DEM U14 2020"]
[Site "Willingen GER"]
[Date "2020.10.23"]
[Round "5"]
[White "Hommer, Jeremy"]
[Black "Kort, Felix"]
[Result "1-0"]
[Termination "normal"]
[Board "14"]
[WhiteElo "2246"]
[BlackElo "1823"]
[WhiteClock "00:32:14"]
[BlackClock "00:01:01"]
[PlyCount "57"]
[WhiteFideId "12992577"]
[BlackFideId "16220129"]
[EventCountry "GER"]
[EventRounds "7"]
[EventType "swiss"]
[EventDate "2020.10.19"]

1. d4 {[%clk 1:30:55]} Nf6 {[%clk 1:30:53]} 2. Bf4 {[%clk 1:31:03]} d5 {[%clk
1:30:05]} 3. e3 {[%clk 1:31:20]} c5 {[%clk 1:29:38]} 4. c3 {[%clk 1:31:41]} Nc6
{[%clk 1:29:15]} 5. Nd2 {[%clk 1:31:28]} e6 {[%clk 1:20:52]} 6. Bd3 {[%clk
1:27:43]} Bd6 {[%clk 1:19:20]} 7. Bxd6 {[%clk 1:25:59]} Qxd6 {[%clk 1:19:40]}
8. f4 {[%clk 1:26:24]} O-O {[%clk 1:12:12]} 9. Ngf3 {[%clk 1:18:13]} c4 {[%clk
0:54:46]} 10. Bc2 {[%clk 1:11:50]} b5 {[%clk 0:54:07]} 11. Ne5 {[%clk 1:11:48]}
b4 {[%clk 0:42:35]} 12. O-O {[%clk 1:11:51]} Ne7 {[%clk 0:38:35]} 13. g4 {[%clk
1:02:41]} g6 {[%clk 0:30:49]} 14. Qe1 {[%clk 1:01:39]} h5 {[%clk 0:27:47]} 15.
h3 {[%clk 0:55:43]} hxg4 {[%clk 0:25:39]} 16. hxg4 {[%clk 0:53:51]} Kg7 {[%clk
0:23:54]} 17. Ndf3 {[%clk 0:53:02]} Rb8 {[%clk 0:16:49]} 18. Ng5 {[%clk
0:48:11]} Bd7 {[%clk 0:06:50]} 19. Rf2 {[%clk 0:45:26]} Nc6 {[%clk 0:04:00]}
20. Rh2 {[%clk 0:43:44]} Qe7 {[%clk 0:03:28]} 21. Ngxf7 {[%clk 0:32:36]} Rxf7
{[%clk 0:02:12]} 22. Nxg6 {[%clk 0:32:57]} Qd8 {[%clk 0:00:56]} 23. Qh4 {[%clk
0:32:52]} Ne4 {[%clk 0:00:46]} 24. Qh6+ {[%clk 0:31:04]} Kf6 {[%clk 0:00:53]}
25. g5+ {[%clk 0:31:23]} Kf5 {[%clk 0:00:46]} 26. Nh4+ {[%clk 0:31:46]} Kg4
{[%clk 0:01:04]} 27. Bd1+ {[%clk 0:32:04]} Kg3 {[%clk 0:00:38]} 28. Rg2+ {[%clk
0:32:14]} Kh3 {[%clk 0:01:01]} 29. Nf5# 1-0

[Event "DEM U14 2020"]
[Site "Willingen GER"]
[Date "2020.10.23"]
[Round "5"]
[White "Bungarten, Jona"]
[Black "Ehrig, Leon Chris"]
[Result "1-0"]
[Termination "normal"]
[Board "15"]
[WhiteElo "1834"]
[BlackElo "1718"]
[WhiteClock "00:58:38"]
[BlackClock "00:20:05"]
[PlyCount "53"]
[WhiteFideId "16223608"]
[BlackFideId "16244796"]
[EventCountry "GER"]
[EventRounds "7"]
[EventType "swiss"]
[EventDate "2020.10.19"]

1. e4 {[%clk 1:30:59]} c6 {[%clk 1:30:18]} 2. d4 {[%clk 1:31:20]} d5 {[%clk
1:30:28]} 3. exd5 {[%clk 1:31:43]} cxd5 {[%clk 1:30:45]} 4. c4 {[%clk 1:32:01]}
Nf6 {[%clk 1:30:41]} 5. Nc3 {[%clk 1:32:23]} g6 {[%clk 1:30:55]} 6. Qb3 {[%clk
1:32:43]} Bg7 {[%clk 1:29:14]} 7. cxd5 {[%clk 1:33:05]} O-O {[%clk 1:28:50]} 8.
Be2 {[%clk 1:32:56]} Re8 {[%clk 1:21:00]} 9. Nf3 {[%clk 1:30:08]} Nbd7 {[%clk
1:12:32]} 10. O-O {[%clk 1:28:14]} Nb6 {[%clk 1:11:00]} 11. Bg5 {[%clk
1:26:48]} a6 {[%clk 1:01:49]} 12. Bxf6 {[%clk 1:17:52]} exf6 {[%clk 0:54:53]}
13. Rfe1 {[%clk 1:14:23]} Qd6 {[%clk 0:48:40]} 14. a4 {[%clk 1:05:19]} Rd8
{[%clk 0:41:17]} 15. Ne4 {[%clk 1:02:18]} Qxd5 {[%clk 0:34:18]} 16. Qxb6 {[%clk
1:02:35]} Bg4 {[%clk 0:32:43]} 17. Nc3 {[%clk 1:02:24]} Qd7 {[%clk 0:32:00]}
18. Rad1 {[%clk 1:01:59]} Rac8 {[%clk 0:30:46]} 19. h3 {[%clk 1:01:55]} Bh5
{[%clk 0:23:49]} 20. d5 {[%clk 1:00:59]} g5 {[%clk 0:22:28]} 21. Ne5 {[%clk
0:58:47]} fxe5 {[%clk 0:21:15]} 22. Bxh5 {[%clk 0:59:08]} Qe7 {[%clk 0:20:59]}
23. d6 {[%clk 0:58:01]} Qe6 {[%clk 0:21:22]} 24. Ne4 {[%clk 0:58:08]} h6 {[%clk
0:21:18]} 25. Nc5 {[%clk 0:58:26]} Qc4 {[%clk 0:19:55]} 26. Rc1 {[%clk
0:58:38]} Qf4 {[%clk 0:20:05]} 27. Nd3 1-0

[Event "DEM U14 2020"]
[Site "Willingen GER"]
[Date "2020.10.23"]
[Round "5"]
[White "Niemann, Leon"]
[Black "Freude, Max"]
[Result "1/2-1/2"]
[Termination "normal"]
[Board "16"]
[WhiteElo "1880"]
[BlackElo "1850"]
[WhiteClock "00:20:59"]
[BlackClock "00:16:20"]
[PlyCount "44"]
[WhiteFideId "16218388"]
[BlackFideId "16236157"]
[EventCountry "GER"]
[EventRounds "7"]
[EventType "swiss"]
[EventDate "2020.10.19"]

1. e4 {[%clk 1:30:59]} e5 {[%clk 1:30:34]} 2. Nf3 {[%clk 1:31:23]} Nc6 {[%clk
1:31:01]} 3. Bc4 {[%clk 1:31:45]} Bc5 {[%clk 1:31:26]} 4. O-O {[%clk 1:32:04]}
Nf6 {[%clk 1:31:32]} 5. d3 {[%clk 1:32:00]} h6 {[%clk 1:25:48]} 6. c3 {[%clk
1:29:43]} O-O {[%clk 1:25:17]} 7. Nbd2 {[%clk 1:29:36]} d5 {[%clk 1:24:01]} 8.
exd5 {[%clk 1:28:06]} Nxd5 {[%clk 1:24:12]} 9. Ne4 {[%clk 1:26:13]} Be7 {[%clk
1:22:10]} 10. d4 {[%clk 1:19:04]} Nb6 {[%clk 1:11:01]} 11. Bb3 {[%clk 1:09:53]}
exd4 {[%clk 1:06:55]} 12. Nxd4 {[%clk 1:00:42]} Nxd4 {[%clk 1:06:16]} 13. cxd4
{[%clk 0:58:59]} c6 {[%clk 1:00:05]} 14. Nc3 {[%clk 0:48:30]} Bf6 {[%clk
0:54:57]} 15. Be3 {[%clk 0:43:29]} Bf5 {[%clk 0:50:09]} 16. Qf3 {[%clk
0:39:38]} Bh7 {[%clk 0:31:50]} 17. Rad1 {[%clk 0:36:13]} Qe7 {[%clk 0:26:45]}
18. d5 {[%clk 0:29:38]} Bxc3 {[%clk 0:24:59]} 19. bxc3 {[%clk 0:29:46]} Nxd5
{[%clk 0:25:00]} 20. Bxd5 {[%clk 0:29:47]} cxd5 {[%clk 0:25:09]} 21. Qxd5
{[%clk 0:28:30]} Rfd8 {[%clk 0:19:54]} 22. Qc5 {[%clk 0:20:59]} Qxc5 {[%clk
0:16:20]} 1/2-1/2

[Event "DEM U14 2020"]
[Site "Willingen GER"]
[Date "2020.10.23"]
[Round "5"]
[White "Klühs, Gustaf"]
[Black "Meuer, David"]
[Result "1/2-1/2"]
[Termination "normal"]
[Board "17"]
[WhiteElo "1827"]
[BlackElo "1632"]
[WhiteClock "01:16:15"]
[BlackClock "00:17:47"]
[PlyCount "119"]
[WhiteFideId "16228936"]
[BlackFideId "16262964"]
[EventCountry "GER"]
[EventRounds "7"]
[EventType "swiss"]
[EventDate "2020.10.19"]

1. e4 {[%clk 1:30:56]} e6 {[%clk 1:30:56]} 2. d3 {[%clk 1:31:24]} d5 {[%clk
1:31:18]} 3. Nd2 {[%clk 1:31:50]} Nf6 {[%clk 1:31:42]} 4. Ngf3 {[%clk 1:32:11]}
Nc6 {[%clk 1:30:40]} 5. g3 {[%clk 1:31:08]} dxe4 {[%clk 1:29:17]} 6. dxe4
{[%clk 1:31:30]} Bc5 {[%clk 1:28:54]} 7. Bg2 {[%clk 1:30:40]} e5 {[%clk
1:28:28]} 8. O-O {[%clk 1:30:50]} O-O {[%clk 1:28:15]} 9. c3 {[%clk 1:28:30]}
a5 {[%clk 1:26:36]} 10. Qc2 {[%clk 1:27:29]} b6 {[%clk 1:26:03]} 11. Nb3 {[%clk
1:26:11]} Bd6 {[%clk 1:14:11]} 12. Rd1 {[%clk 1:23:11]} Qe7 {[%clk 1:12:49]}
13. h3 {[%clk 1:18:05]} Ba6 {[%clk 1:06:18]} 14. a4 {[%clk 1:14:26]} Rfd8
{[%clk 1:02:13]} 15. Be3 {[%clk 1:11:24]} h6 {[%clk 0:52:06]} 16. Nh4 {[%clk
1:11:39]} Bc8 {[%clk 0:48:38]} 17. Rd2 {[%clk 1:10:39]} Be6 {[%clk 0:47:33]}
18. Rad1 {[%clk 1:10:44]} Bxb3 {[%clk 0:32:25]} 19. Qxb3 {[%clk 1:10:59]} Bc5
{[%clk 0:32:34]} 20. Nf5 {[%clk 1:10:13]} Qf8 {[%clk 0:32:28]} 21. Qb5 {[%clk
1:07:31]} Bxe3 {[%clk 0:31:32]} 22. Nxe3 {[%clk 1:06:52]} Qe8 {[%clk 0:28:28]}
23. Nd5 {[%clk 0:58:14]} Nxd5 {[%clk 0:26:05]} 24. exd5 {[%clk 0:58:00]} Na7
{[%clk 0:24:42]} 25. Qxe8+ {[%clk 0:58:20]} Rxe8 {[%clk 0:25:08]} 26. d6 {[%clk
0:58:46]} c6 {[%clk 0:25:28]} 27. d7 {[%clk 0:59:00]} Red8 {[%clk 0:25:52]} 28.
Rd6 {[%clk 0:59:13]} Rab8 {[%clk 0:25:34]} 29. Bxc6 {[%clk 0:59:24]} Nxc6
{[%clk 0:25:59]} 30. Rxc6 {[%clk 0:59:46]} Kf8 {[%clk 0:23:41]} 31. Rc7 {[%clk
0:55:18]} Ke7 {[%clk 0:22:39]} 32. Kg2 {[%clk 0:54:37]} f6 {[%clk 0:21:01]} 33.
Kf3 {[%clk 0:54:05]} b5 {[%clk 0:18:33]} 34. axb5 {[%clk 0:53:19]} Rxb5 {[%clk
0:18:56]} 35. Rd2 {[%clk 0:53:44]} Ke6 {[%clk 0:16:58]} 36. c4 {[%clk 0:51:51]}
Rb4 {[%clk 0:14:38]} 37. c5 {[%clk 0:52:13]} Ke7 {[%clk 0:12:25]} 38. c6 {[%clk
0:52:19]} Rc4 {[%clk 0:09:23]} 39. Rd5 {[%clk 0:51:41]} a4 {[%clk 0:09:18]} 40.
Ra5 {[%clk 0:50:58]} Rb4 {[%clk 0:07:10]} 41. Kg2 {[%clk 0:49:47]} Kd6 {[%clk
0:03:08]} 42. Rb7 {[%clk 0:50:08]} Rc4 {[%clk 0:26:41]} 43. Rb6 {[%clk
1:13:18]} Rxc6 {[%clk 0:26:23]} 44. Rxc6+ {[%clk 1:13:44]} Kxc6 {[%clk
0:26:44]} 45. Rxa4 {[%clk 1:14:03]} Rxd7 {[%clk 0:27:03]} 46. Ra3 {[%clk
1:14:04]} Rb7 {[%clk 0:26:46]} 47. Rc3+ {[%clk 1:14:29]} Kd5 {[%clk 0:26:53]}
48. Rc2 {[%clk 1:14:34]} Kd6 {[%clk 0:27:00]} 49. Kf3 {[%clk 1:14:51]} Ke6
{[%clk 0:26:55]} 50. Ke2 {[%clk 1:14:59]} Kf5 {[%clk 0:25:16]} 51. Kd1 {[%clk
1:14:26]} Ke4 {[%clk 0:23:14]} 52. Ke2 {[%clk 1:14:38]} Kf5 {[%clk 0:23:17]}
53. Kf3 {[%clk 1:14:58]} Rb3+ {[%clk 0:23:28]} 54. Kg2 {[%clk 1:15:13]} Rb7
{[%clk 0:23:21]} 55. g4+ {[%clk 1:15:32]} Kg5 {[%clk 0:22:25]} 56. Kg3 {[%clk
1:15:31]} Rb3+ {[%clk 0:21:59]} 57. Kg2 {[%clk 1:15:56]} Rb7 {[%clk 0:21:44]}
58. f3 {[%clk 1:16:04]} Kg6 {[%clk 0:20:13]} 59. h4 {[%clk 1:16:15]} Kf7 {[%clk
0:17:47]} 60. Rd2 1/2-1/2

[Event "DEM U14 2020"]
[Site "Willingen GER"]
[Date "2020.10.23"]
[Round "5"]
[White "Lerchl, Clemens"]
[Black "Weidenhöfer, Max"]
[Result "0-1"]
[Termination "normal"]
[Board "19"]
[WhiteElo "1699"]
[BlackElo "1897"]
[WhiteClock "01:21:45"]
[BlackClock "00:46:07"]
[PlyCount "24"]
[WhiteFideId "16226372"]
[BlackFideId "16230566"]
[EventCountry "GER"]
[EventRounds "7"]
[EventType "swiss"]
[EventDate "2020.10.19"]

1. e4 {[%clk 1:30:57]} c6 {[%clk 1:30:55]} 2. Nc3 {[%clk 1:31:09]} d5 {[%clk
1:31:19]} 3. Qe2 {[%clk 1:31:27]} d4 {[%clk 1:21:14]} 4. Nd1 {[%clk 1:31:40]}
e5 {[%clk 1:18:31]} 5. d3 {[%clk 1:32:01]} Bd6 {[%clk 1:16:54]} 6. g3 {[%clk
1:32:12]} c5 {[%clk 1:10:44]} 7. f4 {[%clk 1:32:13]} Nc6 {[%clk 1:08:37]} 8.
Nf3 {[%clk 1:32:05]} Qc7 {[%clk 1:03:42]} 9. f5 {[%clk 1:31:10]} Bd7 {[%clk
1:01:04]} 10. Nf2 {[%clk 1:30:27]} Qa5+ {[%clk 0:53:05]} 11. Qd2 {[%clk
1:26:17]} Nb4 {[%clk 0:47:24]} 12. a3 {[%clk 1:21:45]} Nxc2+ {[%clk 0:46:07]}
0-1

[Event "DEM U14 2020"]
[Site "Willingen GER"]
[Date "2020.10.23"]
[Round "6"]
[White "Haack, Kevin"]
[Black "Bui, Bao Anh Le"]
[Result "0-1"]
[Termination "normal"]
[Board "3"]
[WhiteElo "2209"]
[BlackElo "2149"]
[WhiteClock "00:26:20"]
[BlackClock "00:23:42"]
[PlyCount "108"]
[WhiteFideId "16228715"]
[BlackFideId "12970719"]
[EventCountry "GER"]
[EventRounds "7"]
[EventType "swiss"]
[EventDate "2020.10.19"]

1. c4 {[%clk 1:30:56]} Nf6 {[%clk 1:30:16]} 2. Nc3 {[%clk 1:31:19]} e6 {[%clk
1:30:01]} 3. e4 {[%clk 1:31:41]} d5 {[%clk 1:29:59]} 4. e5 {[%clk 1:31:51]} d4
{[%clk 1:29:57]} 5. exf6 {[%clk 1:31:58]} dxc3 {[%clk 1:30:12]} 6. bxc3 {[%clk
1:32:16]} Qxf6 {[%clk 1:30:36]} 7. d4 {[%clk 1:32:39]} b6 {[%clk 1:30:56]} 8.
Be2 {[%clk 1:31:10]} Bb7 {[%clk 1:31:03]} 9. Bf3 {[%clk 1:31:17]} Bxf3 {[%clk
1:31:08]} 10. Nxf3 {[%clk 1:31:30]} Bd6 {[%clk 1:30:22]} 11. Qa4+ {[%clk
1:28:47]} c6 {[%clk 1:30:32]} 12. O-O {[%clk 1:26:39]} O-O {[%clk 1:30:24]} 13.
Re1 Rc8 {[%clk 1:18:44]} 14. Ng5 {[%clk 1:18:45]} Bf4 {[%clk 0:59:45]} 15. Ne4
{[%clk 1:16:59]} Qh6 {[%clk 0:58:48]} 16. h3 {[%clk 1:12:43]} Bxc1 {[%clk
0:48:16]} 17. Raxc1 {[%clk 1:12:36]} Nd7 {[%clk 0:46:05]} 18. c5 {[%clk
1:05:07]} Qf4 {[%clk 0:40:00]} 19. Nd6 {[%clk 0:58:13]} Nxc5 {[%clk 0:34:17]}
20. Qc4 {[%clk 0:51:35]} Qxd6 {[%clk 0:33:18]} 21. dxc5 {[%clk 0:51:59]} Qd5
{[%clk 0:26:28]} 22. Qb4 {[%clk 0:46:26]} bxc5 {[%clk 0:10:48]} 23. Qa5 {[%clk
0:39:07]} c4 {[%clk 0:07:50]} 24. Qa3 {[%clk 0:38:28]} Rd8 {[%clk 0:06:55]} 25.
Rcd1 {[%clk 0:37:35]} Qxd1 {[%clk 0:03:42]} 26. Rxd1 {[%clk 0:37:57]} Rxd1+
{[%clk 0:04:09]} 27. Kh2 {[%clk 0:38:23]} h6 {[%clk 0:04:14]} 28. Qa4 {[%clk
0:21:42]} Rd2 {[%clk 0:04:19]} 29. Qxc4 {[%clk 0:21:52]} Rb8 {[%clk 0:02:15]}
30. Qxc6 {[%clk 0:20:45]} Rxf2 {[%clk 0:01:39]} 31. Kg3 {[%clk 0:14:42]} Rbb2
{[%clk 0:01:32]} 32. Qa8+ {[%clk 0:14:31]} Kh7 {[%clk 0:01:59]} 33. Qxa7 {[%clk
0:14:14]} Rxg2+ {[%clk 0:02:13]} 34. Kf3 {[%clk 0:14:34]} Rxa2 {[%clk 0:02:28]}
35. Qc7 {[%clk 0:14:52]} Rgc2 {[%clk 0:02:32]} 36. Ke4 {[%clk 0:13:05]} Ra3
{[%clk 0:02:34]} 37. c4 {[%clk 0:09:07]} Rxh3 {[%clk 0:02:16]} 38. Qxf7 {[%clk
0:08:31]} Rxc4+ {[%clk 0:02:29]} 39. Ke5 {[%clk 0:08:59]} Rh5+ {[%clk 0:01:53]}
40. Kxe6 {[%clk 0:07:06]} Rc6+ {[%clk 0:01:52]} 41. Kd7 {[%clk 0:07:07]} Rg6
{[%clk 0:00:38]} 42. Qf3 {[%clk 0:04:41]} Ra5 {[%clk 0:00:41]} 43. Qd3 {[%clk
0:03:41]} Raa6 {[%clk 0:28:36]} 44. Qf5 {[%clk 0:31:59]} Raf6 {[%clk 0:28:26]}
45. Qe5 {[%clk 0:29:59]} Rg5 {[%clk 0:27:53]} 46. Qe4+ {[%clk 0:29:59]} Rgf5
{[%clk 0:25:39]} 47. Ke8 {[%clk 0:29:22]} h5 {[%clk 0:24:42]} 48. Ke7 {[%clk
0:29:38]} g5 {[%clk 0:23:57]} 49. Ke8 {[%clk 0:27:32]} g4 {[%clk 0:23:29]} 50.
Qe7+ {[%clk 0:27:25]} Rf7 {[%clk 0:23:35]} 51. Qh4 {[%clk 0:27:43]} Rg7 {[%clk
0:23:24]} 52. Qg3 {[%clk 0:27:19]} Kg8 {[%clk 0:23:21]} 53. Qb3+ {[%clk
0:26:08]} Rff7 {[%clk 0:23:42]} 54. Qg3 {[%clk 0:26:20]} Rf8# 0-1